00525nam a2200169 a 450000500170000000800410001702000220005805000260008010000190010624500890012526000430021430000210025752100090027865000250028765000240031270000190033620140310183556.0111114s19uu xx 00 eng d a978-81-907236-5-7 aHD 30.28 b.N217 2009 aNaqvi, Arshad. aStrategic management and business management /cDr. Arshad Naqvi, Dr. Sandeep Kumar. aNew Delhi :bA.K. Publications,c2009. a256 p. :b22 cm. aBSBA aStrategic management aManagement concepts aKumar, Sandeep